Reliez les paroles des chansons d'Edith Piaf à son titre - Statistiques

Statistiques générales
  • Ce quiz a été pris 334 fois
  • Le résultat moyen est 8 sur 16
Statistiques - réponses
Hint Réponse % Correct
"Le ciel bleu sur nous peut s'effondrer et la Terre peut bien s'écrouler, peu m'importe si tu m'aimes" Hymne à l’amour
83%
"Il est entré dans mon coeur, une part de bonheur don't je connais la cause" La Vie en rose
79%
"Jamais il ne se coiffait, jamais il ne se lavait, les ongles pleins de cambouis mais sur le biceps il avait un tatouage avec un coeur bleu sur la peau blême" L’Homme à la moto
73%
"Je revois la ville en fête et en délire, suffoquant sous le soleil et sous la joie" La Foule
71%
"Avec mes souvenirs j'ai allumé le feu, mes chagrins, mes plaisirs, je n'ai plus besoin d'eux" Non, je ne regrette rien
64%
"Moi, j'ai entendu dire que l'amour fait souffrir, que l'amour fait pleurer" À quoi ça sert l’amour
62%
"Pourtant j'vous ai frôlé quand vous passiez hier, vous n'étiez pas peu fier" Milord
57%
"Il avait de grands yeux très clairs où parfois passaient des éclairs comme au ciel passent les orages" Mon légionnaire
51%
"Sous le pont de Bercy un philosophe assis, deux musiciens, quelques badauds puis les gens par milliers" Sous le ciel de Paris
51%
"Cet air qui m'obsède jour et nuit, cet air n'est pas né d'aujourd'hui, il vient d'aussi loin que je viens" Padam… padam
42%
"Encore un peu mon amoureux ! Un jour, deux jours, huit jours, laissez-le-moi encore un peu" Mon Dieu
38%
"Tu croques des assiettes assis sur un jet d'eau, tu ronges des paillettes tordu dans un tonneau" Bravo pour le clown
36%
"Je suis née, Passage de la Bonne Graine, j'en ai pris d'la graine, et pour longtemps, j'travaille comme un chien toute la semaine" J’m’en fous pas mal
33%
"La fille de joie est belle au coin de la rue Labas, elle a une clientèle qui lui remplit son bas" L’Accordéoniste
31%
"Moi, j'essuie les verres au fond du café, j'ai bien trop à faire pour pouvoir rêver et dans ce décor, banal à pleurer" Les Amants d’un jour
28%
"Qu'est-ce qu'on est bien tous les deux quand on est ensemble nous deux, duelle vie on a tous les deux quand on s'aime comme nous deux" Mon manège à moi
25%
Aucun quiz correspondant
Distribution des résultats
% des personnes avec chaque résultat
Percentile par nombre de réponses
Votre historique - résultats
Vous n’avez pas pris ce quiz